Prénoms masculins les plus indémodables - Statistiques

Statistiques générales
  • Ce quiz a été pris 224 fois
  • Le résultat moyen est 10 sur 16
Statistiques - réponses
Décennies dans le top 100
(1900 - 2020)
Meilleur
classement
Prénom % Correct
12 1er de 1900 à 1960 J{ean}
91%
11 10ème de 1900 à 1910 P{aul}
89%
12 3ème de 1900 à 1910 P{ierre}
88%
11 12ème de 1900 à 1910 C{harles}
74%
10 2ème de 1900 à 1910 L{ouis}
73%
10 13ème de 1900 à 1910 F{rançois}
70%
10 20ème de 1960 à 1970 M{arc}
66%
12 11ème de 1990 à 2000 A{ntoine}
65%
9 1er de 1980 à 1990 J{ulien}
62%
11 10ème de 1980 à 1990 V{incent}
58%
10 2ème de 1990 à 2000 A{lexandre}
57%
9 2ème de 1980 à 1990 N{icolas}
49%
9 1er de 2010 à 2020 G{abriel}
40%
9 5ème de 1990 à 2000 M{axime}
29%
9 15ème de 1990 à 2010 A{lexis}
27%
9 10ème de 2010 à 2020 R{aphaël}
25%
Aucun quiz correspondant
Distribution des résultats
% des personnes avec chaque résultat
Percentile par nombre de réponses
Votre historique - résultats
Vous n’avez pas pris ce quiz